000 00293nam a22001217a 4500
008 171129b xxu||||| |||| 00| 0 eng d
041 _aeng
080 _a038
100 _a23
101 _aFJA
245 _aTHE READER'S DIGEST GREAT ENCYCLOPEDIC DICTIONARY
_cMARCKWARDT,A.H
942 _2udc
_cBK
999 _c38613
_d38613